000 01092nac a22003257a 4500
001 BR8105659
003 BR-BrBNA
005 20240105115052.0
008 230509b bl.|||m| |||| 00| 0 por d
040 _aBR-BrBNA
_bpor
_cBiblioteca Nacional de Agricultura
072 _aF00; F27
090 _a0150 BR8105659
100 1 _aOliveira, E.B. de
100 1 _aMoura, G. de M.
100 1 _aFranco, F.G.S.
110 1 _aUnidade de Execucao de Pesquisa de Ambito Estadual de Rio Branco, AC (Brasil)
_910376
245 1 _aCultivo do arroz e milho entre fileiras duplas de mandioca [Oryza sativa, Zea mays, Manihot esculenta, Acre, Brasil]
260 3 _aRio Branco, AC (Brasil):
_c1981.
300 _a3 p.
490 _aPesquisa em Andamento - Unidade de Execucao de Pesquisa de Ambito Estadual de Rio Branco (Brazil)
_vno. 7
_x
650 _aARROZ
650 _aMILHO
650 _aMANDIOCA
650 _aCONSORCIACAO DE CULTURA
650 _aFILEIRA DUPLA
650 _aPLANTIO
650 _aACRE
909 _a202312
_bLúcia Elande
_c55
_dLúcia Elande
942 _2AGRIS
_n0
_cMS
999 _c272870
_d272870